| 000 | 01770cam a22004457a 4500 | ||
|---|---|---|---|
| 999 |
_c28333 _d28304 |
||
| 001 | 13961563 | ||
| 003 | EG-ScBUE | ||
| 005 | 20200311113122.0 | ||
| 006 | m||||fq||h 00| 0 | ||
| 008 | 050511t2006 njua f 001 0 eng d | ||
| 020 | _a0321240693 (pbk.) | ||
| 020 | _a9780321240699 | ||
| 035 | _a(OCoLC)ocm61176477 | ||
| 040 |
_aUKM _beng _erda _cUKM _dBAKER _dDST _dDLC _dEG-ScBUE |
||
| 082 | 0 | 4 |
_a005.8 _bJON _222 |
| 100 | 1 |
_aJones, Keith J. _q(Keith John) _eauthor. |
|
| 245 | 1 | 0 |
_aReal digital forensics : _bcomputer security and incident response / _cKeith J. Jones, Richard Bejtlich, Curtis W. Rose. |
| 264 | 1 |
_aUpper Saddle River, NJ : _bAddison-Wesley : _bPearson Education, Inc., _c[2006] |
|
| 264 | 4 | _cc2006 | |
| 300 |
_axxx, 650 pages : _billustrations ; _c24 cm + _e1 video disc |
||
| 336 |
_2rdacontent _atext _btxt |
||
| 336 |
_2rdacontent _atwo-dimensional moving image _btdi |
||
| 337 |
_2rdamedia _aunmediated _bn |
||
| 337 |
_2rdamedia _avideo _bv |
||
| 338 |
_2rdacarrier _avolume _bnc |
||
| 338 |
_2rdacarrier _avideodisc _bvd |
||
| 500 | _aIncludes index. | ||
| 500 | _aIncludes appendix. | ||
| 650 | 7 |
_aComputer crimes _xInvestigation. _2BUEsh |
|
| 650 | 7 |
_aDigital forensic science. _2BUEsh |
|
| 650 | 7 |
_aComputer security. _2BUEsh |
|
| 653 |
_bCOMSCI _cMarch2020 |
||
| 655 |
_vReading book _934232 |
||
| 700 | 1 |
_aBejtlich, Richard, _eauthor. |
|
| 700 | 1 |
_aRose, Curtis W., _eauthor. |
|
| 906 |
_a7 _bcbc _ccopycat _d2 _encip _f20 _gy-gencatlg |
||
| 942 |
_2ddc _cBB |
||